Английский язык для студентов университетов. Ч. 1 (Запись № 4467955)

Подробности
000 -МАРКЕР
контрольное поле 02058nam2a2200313 4500
001 - ИДЕНТИФИКАТОР ЗАПИСИ
контрольное поле RU\NLR\bibl\2024913
005 - ИДЕНТИФИКАТОР ВЕРСИИ
контрольное поле 20260607052045.0
010 ## - МЕЖДУНАРОДНЫЙ СТАНДАРТНЫЙ НОМЕР КНИГИ (ISBN)
Номер (ISBN) 978-5-7695-9809-8
Уточнения ч. 1
Тираж 500
021 ## - НОМЕР ГОСУДАРСТВЕННОЙ РЕГИСТРАЦИИ
Код страны Российская Федерация
Номер 2013-24195
Номер Листа государственной регистраци 1672
035 ## - ДРУГИЕ СИСТЕМНЫЕ НОМЕРА
Идентификатор записи (NLR Aleph) 002012994
100 ## - ДАННЫЕ ОБЩЕЙ ОБРАБОТКИ
Данные общей обработки 20130417d2013 |||y0rusy50 ca
101 0# - ЯЗЫК РЕСУРСА
Язык текста, звукозаписи и т.д. русский
-- английский
102 ## - СТРАНА ПУБЛИКАЦИИ ИЛИ ПРОИЗВОДСТВА
Страна публикации Российская Федерация
105 ## - ПОЛЕ КОДИРОВАННЫХ ДАННЫХ: ТЕКСТОВЫЕ МАТЕРИАЛЫ, МОНОГРАФИЧЕСКИЕ
Кодированные данные о монографическом текстовом документе a |||||||||
200 0# - ЗАГЛАВИЕ И СВЕДЕНИЯ ОБ ОТВЕТСТВЕННОСТИ
Основное заглавие Ч. 1
Первые сведения об ответственности [Костыгина С.И., Березина О.А., Иванова Ю.А., Папанова Л.В.]
215 ## - ФИЗИЧЕСКАЯ ХАРАКТЕРИСТИКА
Специфическое обозначение материала и объем 392, [1] с.
Другие сведения о физической характеристике ил.
300 ## - ОБЩИЕ ПРИМЕЧАНИЯ
Текст примечания Авт. указаны на обороте тит. л.
320 ## - ПРИМЕЧАНИЯ О НАЛИЧИИ В ДОКУМЕНТЕ БИБЛИОГРАФИИ / УКАЗАТЕЛЯ
Текст примечания Библиогр.: с. 270 (6 назв.)
461 #0 - УРОВЕНЬ НАБОРА
Встроенное поле 001RU\NLR\bibl\2050545
-- 2001#$aАнглийский язык для студентов университетов$vЧ. 1
Системный номер (АБИС) связанной записи 4580390
Место публикации Москва
Дата публикации 2013
Издание 3-е изд., испр.
Параллельное заглавие English for university students
Имя издателя, распространителя и т.д. Академия
Сведения, относящиеся к заглавию чтение, письменная практика и практика устной речи : учебник : для студентов учреждений высшего профессионального образования, обучающихся по направлению подготовки "Педагогическое образование" (профиль "иностранный язык") : [в 2 ч.]
Заглавие Английский язык для студентов университетов
ISBN 9785769598081
Номер тома Ч. 1
701 #1 - ИМЯ ЛИЦА - АЛЬТЕРНАТИВНАЯ ОТВЕТСТВЕННОСТЬ
Код отношения Автор
Графика поля Кириллица
Материалы, к которым относится поле rus
Начальный элемент ввода Костыгина
Часть имени, кроме начального элемента ввода С. И.
Расширение инициалов личного имени Светлана Ипполитовна
Системный номер авторитетной/нормативной записи 22778
Идентификатор авторитетной/нормативной записи RU\NLR\auth\7739815
701 #1 - ИМЯ ЛИЦА - АЛЬТЕРНАТИВНАЯ ОТВЕТСТВЕННОСТЬ
Код отношения Автор
Материалы, к которым относится поле rus
Графика поля Кириллица
Начальный элемент ввода Березина
Часть имени, кроме начального элемента ввода О. А.
Расширение инициалов личного имени Ольга Александровна
Идентификатор авторитетной/нормативной записи RU\NLR\auth\7728921
Системный номер авторитетной/нормативной записи 11950
701 #1 - ИМЯ ЛИЦА - АЛЬТЕРНАТИВНАЯ ОТВЕТСТВЕННОСТЬ
Код отношения Автор
Графика поля Кириллица
Материалы, к которым относится поле rus
Начальный элемент ввода Иванова
Часть имени, кроме начального элемента ввода Ю. А.
Дополнения к именам, кроме дат канд. филол. наук
Расширение инициалов личного имени Юлия Александровна
Системный номер авторитетной/нормативной записи 27813
Идентификатор авторитетной/нормативной записи RU\NLR\auth\7744873
701 #1 - ИМЯ ЛИЦА - АЛЬТЕРНАТИВНАЯ ОТВЕТСТВЕННОСТЬ
Начальный элемент ввода Папанова
Часть имени, кроме начального элемента ввода Л. В.
Расширение инициалов личного имени Людмила Викторовна
Код отношения Автор
801 #0 - ИСТОЧНИК ЗАПИСИ
Страна Российская Федерация
Организация NLR
Дата составления 20130417
Правила каталогизации RCR
801 #1 - ИСТОЧНИК ЗАПИСИ
Страна Российская Федерация
Организация NLR
Дата составления 20130417
942 ## - ДОПОЛНИТЕЛЬНЫЕ ЭЛЕМЕНТЫ ЗАПИСИ (АБИС)
Тип экземпляра АБИС Книга
980 ## - КОЛЛЕКЦИЯ
Название коллекции Национальная библиография
Экземпляры
Тип экземпляра Дата поступления Источник поступления Библиотека постоянного хранения Библиотека текущего хранения Место хранения Шифр хранения Штрих-код Статус экземпляра
Книга 17.04.2013 Обязательный экземпляр РНБ (Московский) РНБ (Московский) Русский книжный фонд: издания с 1957 года 2013-5/3068 1-200612  
Книга 17.04.2013 Обязательный экземпляр РНБ (Московский) РНБ (Московский) Русский книжный фонд: издания с 1957 года 2013-5/3068 3870044